Statistics for Languages of North Macedonia

Click here to take the quiz!

General Stats

  • This quiz has been taken 45 times
  • The average score is 4 of 5

Answer Stats

PercentLanguages% Correct
25Albanian
98%
66Macedonian
98%
1Serbia
95%
3Turkish
67%
1Romani
62%

Score Distribution

Percentile by Number Answered

Percent of People with Each Score

Your Score History

You have not taken this quiz